000 00630nam a2200205 i 4500
001 bg
245 0 0 _aPrawo budowlane.
_nT.2,
_pPrzepisy techniczno-budowlane /
_ctekst przygot. Jerzy Siegień [et al.].
250 _aStan prawny na dzień 31 marca 2001 r.
260 _aWarszawa :
_b"Inwestprojekt - System",
_c2001.
300 _a704 s. ;
_c24 cm.
650 9 _aBudownictwo
_xprawo
_zPolska
_ystan na 2001 r.
700 1 _aSIEGIEŃ, Jerzy.
_eOprac.
020 _a8390350904
040 _cBPK
041 0 _apl
080 _a349.442(438)
920 _a83-903509-0-4
942 _cKS
008 s pl f |000 0 pol
999 _c39824
_d39824
856 _uhttp://koha.tu.koszalin.pl/cgi-bin/koha/opac-detail.pl?biblionumber=39824
_yKatalog online BPK